| 000 | 01002cam a22002054a 4500 | ||
|---|---|---|---|
| 005 | 20250605164019.0 | ||
| 008 | 250528s ||||||||||||||||||||||||d | ||
| 035 | _a16269 | ||
| 020 | _a250975149 | ||
| 040 |
_aGR-AtMCL _bgre _dGR-AtMCL _eAACR2 |
||
| 245 | 1 | _aEmissions from Combustion Engines and Their Control | |
| 260 |
_bAnn Arbor Science Publishers, Inc., _c1972 |
||
| 300 | _a360 | ||
| 520 | _aAutomative Emissions and Air Pollution, Engine Fundamentals, Combustion and Homogeneous Mixtures, Emission Formation in Homogeneous Mixtures and Gasoline Engines, Effect of Design and Operating Variables on Gasoline Engine Exhaust Emissions, Present and Future Emission Control Systems for Gasoline Engines, Diesel Engine Combustion Emissions and Controls, Emission Instrumentation, Federal Automotive Exhaust Emissions Test Procedures, Symbols and Abbreviations, Index. | ||
| 700 | 1 |
_aHenein N. A _92351 |
|
| 700 | 1 |
_aPatterson D. J _92352 |
|
| 942 | _cBK | ||
| 999 |
_c1787 _d1787 |
||